Aatreyo Bhattacharyya

N/A


Categories

History - World3400853672.7112
Fine Arts - Painting2400705176.8300
History - European1500656392.0001
History - Cross, Historiography, and Miscellaneous06006067104.5000
Science - Physics1400554676.2001
Fine Arts - Music04004072101.0000
Social Science - Psychology0400407297.0001
History - American04004080102.7500
Other - Other Academic and General Knowledge1200355970.3301
RMP - Philosophy1200355390.3300
Science - Biology1200356496.0000
Science - Computer Science0300305673.3300
Fine Arts - Photography2000305560.0000
Current Events - World1100253657.0000
Fine Arts - Opera1100254264.5001
Science - Chemistry1100254274.5000
Current Events - U.S.1100256995.5000
RMP - Islam020020105105.5001
Geography - World1000153131.0001
Social Science - Other1000156060.0011
Literature - World and Miscellaneous1000155050.0001
RMP - Jewish Practice0100106767.0000
Fine Arts - Sculpture010010122122.0000
Literature - American0100107777.0000
RMP - Christian Practice010010126126.0000
RMP - Greco-Roman Mythology010010132132.0000
Science - Earth0100107777.0000
Science - Engineering and Miscellaneous010010113113.0000
Science - Math010010125125.0000
Fine Arts - Architecture010010126126.0000
Social Science - Linguistics0100107878.0000
Geography - Europe0100109898.0001
Science - Astronomy000000.0000
RMP - Hinduism000000.0000
Literature - British000000.0000
Fine Arts - Miscellaneous000000.0000
Social Science - Economics000000.0000
Geography - United States000000.0000

Buzzes

Science - Mathgolden ratio017
Geography - WorldMekong River2031
History - WorldAshoka the Great2036
Current Events - WorldIndia2036
Science - Biologytrees040
Science - Chemistryindicator solution2042
Fine Arts - OperaPhilip Glass2042
History - WorldMughal Empire2044
Other - Other Academic and General KnowledgeGeorge Washington044
Fine Arts - Architectureoffice buildings045